2016 Summer Olympics Medal Count - Statistics

General Stats
  • This quiz has been taken 24,605 times
    24,594 since last reset
  • The average score is 16 of 21
Answer Stats
Medals Country % Correct
121 United States
100%
70 China
99%
67 Great Britain
98%
42 France
96%
56 Russia
96%
42 Germany
95%
41 Japan
95%
19 Brazil
94%
29 Australia
92%
22 Canada
91%
28 Italy
90%
17 Spain
90%
21 South Korea
80%
19 Netherlands
71%
18 New Zealand
71%
13 Kenya
55%
15 Denmark
51%
15 Hungary
49%
17 Kazakhstan
29%
13 Uzbekistan
15%
18 Azerbaijan
11%
No matching quizzes found
Score Distribution
Percent of People with Each Score
Percentile by Number Answered
Your Score History
You have not taken this quiz since the last reset